00586nam a22001577a 450000500170000002000260001703700290004310000190007224501410009126000470023227000620027930000320034170000190037370000180039270000180041020110624112310.0 a9780195679908c650.00 bOxford University Press  aWeiner, Myron  aBorn unfree:cby Myron Weiner, Neera Burra [and] Asha Bajpai bchild labour, education, and the state in India: an omnibus comprising /  aNew Delhi bOxford University Press c2009 aYMCA Library Building, Jai Singh RoadbNew Delhi e110001 aVarious pagings c24cm(Hb)  a Weiner, Myron a Burra, Neera a Bajpai, Asha